Historical figures #3 - Statistics

General Stats
  • This quiz has been taken 87 times
  • The average score is 9 of 24
Answer Stats
Picture Answer % Correct
Marilyn Monroe
97%
Mahatma Gandhi
94%
Muhammad Ali
91%
Rosa Parks
81%
Sigmund Freud
70%
Pope John Paul II
68%
Leonardo da Vinci
58%
Confucius
54%
Virginia Woolf
38%
Catherine the Great
35%
George Gordon Byron
33%
Otto von Bismarck
30%
Homer
26%
Richard Wagner
17%
Clement Attlee
14%
Eusebio
12%
Isoroku Yamamoto
10%
Georges Clemenceau
9%
Jean Calvin
6%
Klemens von Metternich
6%
Ante Pavelić
3%
Henry Dunant
3%
Carlo Goldoni
1%
Friedrich Engels
1%
No matching quizzes found
Score Distribution
Percent of People with Each Score
Percentile by Number Answered
Your Score History
You have not taken this quiz